000 00749nam a2200229 a 4500
001 000021812
003 DO-SdBNP
005 20240927073747.0
008 100913s1975 dr 000 0bspa d
040 _aDO-SdBNP
_bspa
_cBNPHU
082 _a923.17293
_bB171C, 1975
100 1 _aCordero, Armando
_936629
245 1 0 _aJoaquín Balaguer : pensador y estadista /
_cArmando Cordero.
250 _a4a. ed. Aumentada y corregida
260 _aSanto Domingo :
_bHorizontes de America,
_c1975.
300 _a258 p. ;
_c21 cm.
500 _aIncluye bibliografía al final de los capitulos.
590 _aInventariado, 2019/MFF
600 1 0 _a Balaguer, Joaquín,
_d1906-2002
_976556
910 _aValidado. Control de calidad MFF
942 _2ddc
_cLBS1
999 _c21310
_d21310